000 00522nab a2200181 a 4500
001 16317
003 34685
005 20201118095504.0
008 ||||||n9999 ||| || ||
100 _aVazquez, Angie
245 0 _aAnalisis de un problema de definiciones: la criminalidad en Puerto Rico
300 _app. 120-126
562 _e0
650 _aANÁLISIS DE CASOS
650 _aDELINCUENCIA ORGANIZADA
773 _016307
_aHomines: Revista de Ciencias Sociales - Vol.14 No.2, Vol.15 No.1
942 _cSART
999 _c16317
_d16317